[Event "COL pre olympic sf"]
[Site "Bogota"]
[Date "2016.05.26"]
[Round "3"]
[White "Arango Arenas, Juan Camilo"]
[Black "Molina, Rafael"]
[Result "1-0"]
[WhiteElo "2218"]
[BlackElo "1983"]
[PlyCount "53"]
[EventDate "2016.05.25"]
[EventType "swiss"]
[EventRounds "9"]
[EventCountry "COL"]
[SourceTitle "CBM 172 Extra"]
[Source "ChessBase"]
[SourceDate "2016.06.21"]
[SourceVersion "1"]
[SourceVersionDate "2016.06.21"]
[SourceQuality "1"]

1. e4 e5 2. Nf3 Nc6 3. d4 exd4 4. Bc4 Qe7 5. 0-0 Ne5 6. Nxe5 Qxe5 7. c3 Bc5 8. cxd4 Bxd4 9. Qb3 Qe7 10. Nc3 c6 11. Bf4 Nf6 12. Rad1 Nh5 13. Bd6 Qxd6 14. Bxf7+ Kd8 15. Bxh5 Qe5 16. Bg4 Rf8 17. Rd2 Bxc3 18. bxc3 Qf4 19. Qd1 Kc7 20. g3 Qg5 21. Rxd7+ Kb6 22. Qd4+ Ka6 23. Rxg7 Qa5 24. Be2+ b5 25. a4 Rd8 26. axb5+ cxb5 27. Qf6+ 1-0

[Event "Bogota University op 7th"]
[Site "Bogota"]
[Date "2013.10.10"]
[Round "2"]
[White "Pena Mora, Carlos"]
[Black "Molina, Rafael"]
[Result "0-1"]
[WhiteElo "1664"]
[BlackElo "1990"]
[PlyCount "64"]
[EventDate "2013.10.10"]
[EventType "swiss"]
[EventRounds "9"]
[EventCountry "COL"]
[SourceTitle "CBM 156 Extra"]
[Source "ChessBase"]
[SourceDate "2013.10.22"]
[SourceVersion "1"]
[SourceVersionDate "2013.10.22"]
[SourceQuality "1"]

1. c4 c5 2. Nf3 g6 3. Nc3 Bg7 4. d4 cxd4 5. Nxd4 Nf6 6. g3 0-0 7. Bg2 a6 8. 0-0 Qc7 9. b3 Nc6 10. Nf3 Rd8 11. Qc2 Nb4 12. Qb1 d5 13. a3 Ne4 14. Nxe4 dxe4 15. Qxe4 f5 16. Qh4 Bxa1 17. Bf4 e5 18. Rxa1 exf4 19. axb4 Be6 20. Ng5 Qg7 21. Rf1 Bf7 22. Nxf7 Qxf7 23. Qxf4 Kh8 24. Qe5+ Qg7 25. Qxg7+ Kxg7 26. Bxb7 Rab8 27. Bxa6 Rxb4 28. Rb1 Rd2 29. Kf1 Ra2 30. Bb5 Ra3 31. Ba4 Raxa4 32. Rc1 Rxb3 0-1

[Event "COL-ch Seniors"]
[Site "Bucaramanga"]
[Date "2013.09.27"]
[Round "3"]
[White "Molina, Rafael"]
[Black "Aguirre Reyes, Jorge Alberto"]
[Result "1-0"]
[WhiteElo "1990"]
[BlackElo "1714"]
[PlyCount "85"]
[EventDate "2013.09.26"]
[EventType "swiss"]
[EventRounds "7"]
[EventCountry "COL"]
[SourceTitle "CBM 156 Extra"]
[Source "ChessBase"]
[SourceDate "2013.10.22"]
[SourceVersion "1"]
[SourceVersionDate "2013.10.22"]
[SourceQuality "1"]

1. e4 c5 2. Nf3 d6 3. d4 cxd4 4. Nxd4 Nf6 5. Nc3 a6 6. Bg5 e6 7. Qd2 Be7 8. 0-0-0 0-0 9. Qe1 Qc7 10. f4 e5 11. Nb3 h6 12. Bxf6 Bxf6 13. f5 Qd8 14. h4 b5 15. Nd5 Bb7 16. g4 Bxd5 17. Rxd5 Qe7 18. Nd2 Rc8 19. Kb1 Qc7 20. Bd3 Nc6 21. Nb3 Ne7 22. Qd2 Nxd5 23. exd5 Qe7 24. Qh2 e4 25. Re1 Be5 26. Rxe4 Bxh2 27. Rxe7 Re8 28. Rxe8+ Rxe8 29. c4 Re3 30. Kc2 bxc4 31. Bxc4 Re8 32. a4 Rc8 33. Na5 Rc5 34. b4 Rc8 35. Nc6 Kf8 36. Bxa6 Re8 37. Bd3 Bg3 38. h5 Ra8 39. a5 Bf4 40. b5 Rc8 41. Kb3 Ke8 42. b6 Be5 43. Bc2 1-0

[Event "Bogota Univ Central op-A 5th"]
[Site "Bogota"]
[Date "2011.10.13"]
[Round "1.1"]
[White "Molina, Rafael"]
[Black "Nope, Viviana"]
[Result "1-0"]
[WhiteElo "2032"]
[BlackElo "1464"]
[PlyCount "31"]
[EventDate "2011.10.13"]
[EventType "swiss"]
[EventRounds "9"]
[EventCountry "COL"]
[SourceTitle "EXT 2024"]
[Source "ChessBase"]
[SourceDate "2023.10.10"]
[SourceVersion "1"]
[SourceVersionDate "2023.10.10"]
[SourceQuality "1"]

1. e4 e6 2. d4 d5 3. Nd2 Nf6 4. e5 Nfd7 5. Bd3 c5 6. c3 Nc6 7. Ne2 Be7 8. 0-0 Qb6 9. Nf3 f6 10. Nf4 fxe5 11. dxe5 Ncxe5 12. Nxe5 Nxe5 13. Qh5+ Nf7 14. Bxh7 Bd7 15. Ng6 Rxh7 16. Qxh7 1-0

[Event "Bogota Mila Memorial op"]
[Site "Bogota"]
[Date "2009.04.??"]
[Round "8"]
[White "Beltran, Carlos Armando"]
[Black "Molina, Rafael"]
[Result "1-0"]
[WhiteElo "2256"]
[BlackElo "2052"]
[PlyCount "97"]
[EventDate "2009.04.??"]
[EventType "swiss"]
[EventRounds "9"]
[EventCountry "COL"]
[SourceTitle "EXT 2014"]
[Source "ChessBase"]
[SourceDate "2013.11.20"]
[SourceVersion "1"]
[SourceVersionDate "2013.11.20"]
[SourceQuality "1"]

1. Nf3 c5 2. c4 Nc6 3. g3 Nf6 4. Bg2 g6 5. b3 Bg7 6. Bb2 0-0 7. 0-0 Qc7 8. Nc3 a6 9. Rc1 Rb8 10. d4 cxd4 11. Nxd4 e6 12. c5 Rd8 13. Na4 Ne8 14. Nxc6 dxc6 15. Qc2 e5 16. Rcd1 Be6 17. Nb6 Qe7 18. a3 Nc7 19. b4 Nb5 20. e3 Bg4 21. Rxd8+ Rxd8 22. a4 Nc7 23. h3 Be6 24. Rd1 f5 25. Bf1 Kf7 26. Nc4 Rxd1 27. Qxd1 Bxc4 28. Bxc4+ Ke8 29. e4 a5 30. exf5 axb4 31. fxg6 hxg6 32. Qg4 Nd5 33. Qxg6+ Kf8 34. Qf5+ Ke8 35. Be2 Nc3 36. Bh5+ Kd8 37. Bg4 Ke8 38. Qc8+ Kf7 39. Bh5+ Kf6 40. Qg4 e4 41. Bc1 Ke5 42. Be3 b3 43. Qf4+ Ke6 44. Bf7+ Kd7 45. Qf5+ Kd8 46. Bg5 b2 47. Bxe7+ Kxe7 48. Qe6+ Kd8 49. Qd6+ 1-0

[Event "Bogota Mila Memorial op"]
[Site "Bogota"]
[Date "2009.04.??"]
[Round "2"]
[White "Mateus Urbano, Luis Alejandro"]
[Black "Molina, Rafael"]
[Result "1-0"]
[WhiteElo "2241"]
[BlackElo "2052"]
[PlyCount "77"]
[EventDate "2009.04.??"]
[EventType "swiss"]
[EventRounds "9"]
[EventCountry "COL"]
[SourceTitle "EXT 2014"]
[Source "ChessBase"]
[SourceDate "2013.11.20"]
[SourceVersion "1"]
[SourceVersionDate "2013.11.20"]
[SourceQuality "1"]

1. e4 e6 2. d3 d5 3. Nd2 Nf6 4. g3 h5 5. Ngf3 Nc6 6. e5 Ng4 7. d4 Be7 8. h3 Nh6 9. c3 g5 10. Bd3 a5 11. Nf1 b6 12. g4 hxg4 13. hxg4 Kd7 14. Ne3 Ba6 15. Bxa6 Rxa6 16. Qe2 Ra8 17. Qb5 a4 18. a3 Ra5 19. Qf1 Ra8 20. c4 dxc4 21. Qxc4 Qe8 22. d5 exd5 23. Qxd5+ Kc8 24. Nd4 Kb7 25. Nef5 Bf8 26. Qxc6+ Qxc6 27. Nxc6 Kxc6 28. Bxg5 Nxf5 29. Rxh8 Nd4 30. 0-0-0 Ne6 31. Bh6 Bxh6+ 32. Rxh6 Rg8 33. f3 Kc5 34. Rd7 c6 35. Rxf7 Nd4 36. e6 Rd8 37. Rd7 Re8 38. e7 Nxf3 39. Rf6 1-0

[Event "Bogota Mila Memorial op"]
[Site "Bogota"]
[Date "2009.04.??"]
[Round "7"]
[White "Molina, Rafael"]
[Black "Vargas Arteaga, Alexis"]
[Result "1-0"]
[WhiteElo "2052"]
[BlackElo "2201"]
[PlyCount "25"]
[EventDate "2009.04.??"]
[EventType "swiss"]
[EventRounds "9"]
[EventCountry "COL"]
[SourceTitle "EXT 2014"]
[Source "ChessBase"]
[SourceDate "2013.11.20"]
[SourceVersion "1"]
[SourceVersionDate "2013.11.20"]
[SourceQuality "1"]

1. e4 c5 2. Nf3 d6 3. d4 cxd4 4. Nxd4 Nf6 5. Nc3 e5 6. Nb3 Be6 7. Be2 a6 8. 0-0 d5 9. exd5 Nxd5 10. Nxd5 Bxd5 11. Be3 Nc6 12. c4 Be6 13. a3 1-0

[Event "American Continental 04th"]
[Site "Cali"]
[Date "2007.07.16"]
[Round "7"]
[White "Garcia Alarcon, Alvaro"]
[Black "Molina, Rafael"]
[Result "1-0"]
[WhiteElo "2156"]
[BlackElo "2101"]
[PlyCount "71"]
[EventDate "2007.07.10"]
[EventType "swiss"]
[EventRounds "11"]
[EventCountry "COL"]
[SourceTitle "CBM 119 Extra"]
[Source "ChessBase"]
[SourceDate "2007.09.04"]
[SourceVersion "1"]
[SourceVersionDate "2007.09.04"]
[SourceQuality "1"]

1. d4 e6 2. c4 d5 3. Nc3 h6 4. Bf4 Nf6 5. e3 Bb4 6. Qb3 Bxc3+ 7. Qxc3 0-0 8. Bd3 Nbd7 9. c5 a5 10. Nf3 Nb8 11. h3 b6 12. cxb6 cxb6 13. Bc7 Qe8 14. Bxb6 Ba6 15. Bc5 Nc6 16. Bxf8 Ne4 17. Bxe4 dxe4 18. d5 Qxf8 19. dxc6 exf3 20. gxf3 Rc8 21. c7 Qe7 22. Rc1 Qd7 23. Rg1 g6 24. Qxa5 Qd3 25. Qd2 Qf5 26. a4 Qxh3 27. b4 Qh2 28. Rf1 Bxf1 29. Kxf1 Kh7 30. Qc3 h5 31. b5 h4 32. b6 Qd6 33. Qd4 Qh2 34. Ke2 h3 35. Qh4+ Kg7 36. Qg3 1-0